<?xml version="1.0" encoding="UTF-8"?>
<collection xmlns:xsi="http://www.w3.org/2001/XMLSchema-instance" xsi:schemaLocation="http://www.loc.gov/MARC21/slim http://www.loc.gov/standards/marcxml/schema/MARC21slim.xsd" xmlns="http://www.loc.gov/MARC21/slim">
 <record>
  <leader>00000nam a2200000 i 4500</leader>
  <controlfield tag="001">UP-8027390931311632171</controlfield>
  <controlfield tag="003">Buklod</controlfield>
  <controlfield tag="005">20250219135252.0</controlfield>
  <controlfield tag="006">m    |o  d |      </controlfield>
  <controlfield tag="007">ta</controlfield>
  <controlfield tag="008">250219t20212021enk        u        eng d</controlfield>
  <datafield tag="020" ind1=" " ind2=" ">
   <subfield code="a">1800882998 (eBook)</subfield>
   <subfield code="a">hardback</subfield>
  </datafield>
  <datafield tag="020" ind1=" " ind2=" ">
   <subfield code="a">9781800882997 (eBook)</subfield>
  </datafield>
  <datafield tag="020" ind1=" " ind2=" ">
   <subfield code="a">9781800883000  (eBook)</subfield>
  </datafield>
  <datafield tag="035" ind1=" " ind2=" ">
   <subfield code="a">21851690</subfield>
  </datafield>
  <datafield tag="040" ind1=" " ind2=" ">
   <subfield code="a">DLC</subfield>
   <subfield code="d">DLAW</subfield>
   <subfield code="e">rda</subfield>
  </datafield>
  <datafield tag="041" ind1="0" ind2=" ">
   <subfield code="a">eng</subfield>
  </datafield>
  <datafield tag="082" ind1="0" ind2="4">
   <subfield code="a">341.2422</subfield>
   <subfield code="2">23</subfield>
  </datafield>
  <datafield tag="084" ind1=" " ind2=" ">
   <subfield code="a">KJE 6415 </subfield>
   <subfield code="b">S37 2021eb</subfield>
  </datafield>
  <datafield tag="100" ind1="1" ind2=" ">
   <subfield code="a">Saravalle, Alberto</subfield>
   <subfield code="e">author.</subfield>
  </datafield>
  <datafield tag="245" ind1="1" ind2="3">
   <subfield code="a">An introduction to the law of economic and monetary union</subfield>
   <subfield code="c">Alberto Saravalle ; with the collaboration of Alessandra Lang.</subfield>
   <subfield code="h">Electronic resources.</subfield>
  </datafield>
  <datafield tag="264" ind1=" " ind2="1">
   <subfield code="c">©2021</subfield>
  </datafield>
  <datafield tag="264" ind1=" " ind2="1">
   <subfield code="a">Cheltenham, UK</subfield>
   <subfield code="b">Edward Elgar</subfield>
   <subfield code="c">2021.</subfield>
  </datafield>
  <datafield tag="300" ind1=" " ind2=" ">
   <subfield code="a">1 online resource (xvii, 207 pages)</subfield>
   <subfield code="c">24 cm</subfield>
  </datafield>
  <datafield tag="336" ind1=" " ind2=" ">
   <subfield code="a">text</subfield>
   <subfield code="2">rdacontent</subfield>
  </datafield>
  <datafield tag="337" ind1=" " ind2=" ">
   <subfield code="a">computer</subfield>
   <subfield code="2">rdamedia</subfield>
  </datafield>
  <datafield tag="338" ind1=" " ind2=" ">
   <subfield code="a">online resource</subfield>
   <subfield code="2">rdacarrier</subfield>
  </datafield>
  <datafield tag="504" ind1=" " ind2=" ">
   <subfield code="a">Includes bibliographical references and index.</subfield>
  </datafield>
  <datafield tag="505" ind1="0" ind2=" ">
   <subfield code="t">Economic and monetary union --</subfield>
   <subfield code="t">The Stability and Growth Pact and other rules of fiscal surveillance --</subfield>
   <subfield code="t">The fiscal compact --</subfield>
   <subfield code="t">Financial assistance and crisis resolution mechanisms --</subfield>
   <subfield code="t">The ECB's non-standard measures --</subfield>
   <subfield code="t">The sovereign debt crisis --</subfield>
   <subfield code="t">The Italian predicament --</subfield>
   <subfield code="t">Austerity policies before national and EU courts --</subfield>
   <subfield code="t">Eurexit --</subfield>
   <subfield code="t">Reform projects --</subfield>
   <subfield code="t">The impact of the Covid-19 outbreak.</subfield>
  </datafield>
  <datafield tag="610" ind1="0" ind2="0">
   <subfield code="a">Economic and Monetary Union.</subfield>
  </datafield>
  <datafield tag="610" ind1="0" ind2="0">
   <subfield code="a">European Union.</subfield>
  </datafield>
  <datafield tag="610" ind1="0" ind2="0">
   <subfield code="a">Economic and Monetary Union.</subfield>
   <subfield code="2">fast</subfield>
   <subfield code="0">(OCoLC)fst00735629</subfield>
  </datafield>
  <datafield tag="610" ind1="0" ind2="0">
   <subfield code="a">European Union.</subfield>
   <subfield code="2">fast</subfield>
   <subfield code="0">(OCoLC)fst00916630.</subfield>
  </datafield>
  <datafield tag="650" ind1=" " ind2="0">
   <subfield code="a">Monetary policy</subfield>
   <subfield code="a">Electronic book</subfield>
   <subfield code="z">European Union countries.</subfield>
  </datafield>
  <datafield tag="650" ind1=" " ind2="0">
   <subfield code="a">Economic policy.</subfield>
   <subfield code="2">fast</subfield>
   <subfield code="0">(OCoLC)fst00902025.</subfield>
  </datafield>
  <datafield tag="650" ind1=" " ind2="0">
   <subfield code="a">Monetary policy.</subfield>
   <subfield code="2">fast</subfield>
   <subfield code="0">(OCoLC)fst01025230.</subfield>
  </datafield>
  <datafield tag="651" ind1=" " ind2="0">
   <subfield code="a">European Union countries</subfield>
   <subfield code="x">Economic policy.</subfield>
  </datafield>
  <datafield tag="651" ind1=" " ind2="0">
   <subfield code="a">European Union countries.</subfield>
   <subfield code="2">fast</subfield>
   <subfield code="0">(OCoLC)fst01269470</subfield>
  </datafield>
  <datafield tag="700" ind1="1" ind2=" ">
   <subfield code="e">contributor.</subfield>
   <subfield code="l">Lang, Alessandra.</subfield>
  </datafield>
  <datafield tag="776" ind1="0" ind2="8">
   <subfield code="i">Online version: Saravalle, Alberto.</subfield>
   <subfield code="d">Cheltenham UK ; Northampton, Massacchusetts, USA : Edward Elgar Publishing Limited, 2021</subfield>
   <subfield code="t">Introduction to the law of economic and monetary union.</subfield>
   <subfield code="w">(OCoLC)1243059206</subfield>
   <subfield code="z">9781800883000.</subfield>
  </datafield>
  <datafield tag="856" ind1="0" ind2="0">
   <subfield code="u">https://doi.org/10.4337/9781800883000</subfield>
   <subfield code="y">click here to access</subfield>
   <subfield code="z">University of the Philippines, College of Law</subfield>
   <subfield code="3">Available to all UP Students</subfield>
  </datafield>
  <datafield tag="905" ind1=" " ind2=" ">
   <subfield code="a">FO</subfield>
  </datafield>
  <datafield tag="852" ind1="0" ind2=" ">
   <subfield code="a">UPD</subfield>
   <subfield code="b">BGC-LL</subfield>
   <subfield code="h">KJE 6415</subfield>
   <subfield code="i">S37 2021</subfield>
  </datafield>
  <datafield tag="942" ind1=" " ind2=" ">
   <subfield code="a">Electronic Resource</subfield>
  </datafield>
 </record>
</collection>
